| 000 | 00704nam a2200217Ii 4500 | ||
|---|---|---|---|
| 003 | JO-AjNU | ||
| 008 | 230605s9999||||xx |||||||||||||| ||und|| | ||
| 017 | _a2016/4/1812 | ||
| 040 |
_aJO-AjNU _bara _erda _cJO-AjNU |
||
| 041 | _aara | ||
| 050 | 1 | 4 | _aPJ7928.M33.H37 2016 |
| 100 | 3 |
_aحمدان، يحيى, _eauthor _956673 |
|
| 245 | 0 | 0 | _aالحقيبة ليست دبلوماسية |
| 250 | _aط1 | ||
| 264 | 3 | 1 | _aعمان: دار الغاية للنشر والتوزيع، 2016 |
| 300 | _a194ص | ||
| 336 |
_atext _btxt _2rdacontent |
||
| 337 |
_aunmediated _bn _2rdamedia |
||
| 338 |
_avolume _bnc _2rdacarrier |
||
| 650 | 4 |
_aالادب العربي - روايات - العصر الحديث _956674 |
|
| 999 |
_aA25352 _c28920 _d28920 |
||